00745nam a22002057a 4500999001700000005001700017008004100034020001500075050002100090100002500111245005500136250001200191260005100203300002100254490003300275504003800308650004400346942001300390952013600403 c93432d9343220200122090858.0200122b ilu||||| |||| 00| 0 eng d a025202866X04aKF4770bB49 20031 aBezanson, Randall P.10aHow free can the press be?c / Randall P. Bezanson a1a. ed. aChicago :bUniversity of Illinois Press,c2003 a258 p. ;c23 cm.0 aThe History of Communication aIncluye bibliografía e índice 4aLibertad de expresiónzEstados Unidos 2lcccLIB 102lcc4070aPOS-042bPOS-042cCEVd2020-01-22eDONf1a ed.kCSAoKF4770 B49 2003pBPD000001203r2020-01-22 00:00:00t1v1.00yLIB